| 000 | 00621nam a2200205 a 4500 | ||
|---|---|---|---|
| 001 | 5906 | ||
| 003 | CDMR | ||
| 005 | 20130327132622.0 | ||
| 008 | 130220s2001||||||||||||||||||||||||||||d | ||
| 020 | _a8484581195 | ||
| 040 |
_aCDMR _bcat _cCDMR |
||
| 245 | 0 | 0 |
_aJosep Pla, memòria i escriptura _b: actes del col·loqui de l'any Pla _cGlòria Granell i Xavier Pla [editors] |
| 260 |
_aGirona _bUniversitat de Girona _c2001 |
||
| 300 |
_a301 p ; _c17 cm |
||
| 490 | 0 |
_aDiversitas _v25 |
|
| 600 | 1 |
_9827 _aPla, Josep |
|
| 650 |
_aPeriodistes catalans _vBiografies _94 |
||
| 700 | 1 |
_91326 _aGranell, Glòria _eed. |
|
| 942 |
_cMON _2udc |
||
| 999 |
_c5906 _d5906 |
||